<?xml version="1.0" encoding="UTF-8"?><collection xmlns="info:lc/xmlns/marcxchange-v2"><record format="Unimarc" type="bibliographic"><leader>00753cam  22002291  450 </leader><controlfield tag="001">1713051</controlfield><controlfield tag="003">http://id.bnportugal.gov.pt/bib/porbase/1713051</controlfield><controlfield tag="005">20030629081600.0</controlfield><datafield ind1=" " ind2=" " tag="010"><subfield code="a">0-444-88766-0</subfield></datafield><datafield ind1=" " ind2=" " tag="035"><subfield code="9">85960</subfield></datafield><datafield ind1=" " ind2=" " tag="095"><subfield code="a">PTBN00998165</subfield></datafield><datafield ind1=" " ind2=" " tag="100"><subfield code="a">19950626d1994    k  y0pory0103    ba</subfield></datafield><datafield ind1="0" ind2=" " tag="101"><subfield code="a">eng</subfield></datafield><datafield ind1=" " ind2=" " tag="102"><subfield code="a">NL</subfield></datafield><datafield ind1="1" ind2=" " tag="200"><subfield code="a">Handbook of econometrics</subfield><subfield code="f">edited by Robert F. Engle and Daniel L. McFadden</subfield></datafield><datafield ind1=" " ind2=" " tag="210"><subfield code="a">Amsterdam</subfield><subfield code="c">North-Holland</subfield><subfield code="d">1994</subfield></datafield><datafield ind1=" " ind2=" " tag="215"><subfield code="a">Vol. IV (XXVI, 3155 p.</subfield><subfield code="c">il.)</subfield><subfield code="d">25 cm</subfield></datafield><datafield ind1="2" ind2=" " tag="225"><subfield code="a">Handbooks in economics</subfield><subfield code="v">2</subfield></datafield><datafield ind1=" " ind2="1" tag="702"><subfield code="a">Engle</subfield><subfield code="b">Robert F.</subfield><subfield code="3">607468</subfield></datafield><datafield ind1=" " ind2="1" tag="702"><subfield code="a">McFadden</subfield><subfield code="b">Daniel L.</subfield><subfield code="4">340</subfield><subfield code="3">1387010</subfield></datafield><datafield ind1=" " ind2="0" tag="801"><subfield code="a">PT</subfield><subfield code="b">BN</subfield><subfield code="g">RPC</subfield></datafield><datafield ind1=" " ind2=" " tag="977"><subfield code="1">330.115 GRI h</subfield><subfield code="2">coop</subfield><subfield code="4">UEBIB</subfield><subfield code="6">mq2879989</subfield><subfield code="7">bc</subfield><subfield code="8">coop</subfield><subfield code="9">UEBIB</subfield><subfield code="k">0</subfield></datafield><datafield ind1=" " ind2=" " tag="977"><subfield code="1">E. 1166-G.//IV</subfield><subfield code="2">coop</subfield><subfield code="4">UTLISE</subfield><subfield code="6">efalt293336</subfield><subfield code="7">bc</subfield><subfield code="8">coop</subfield><subfield code="9">UTLISE</subfield><subfield code="b">R. 30378</subfield><subfield code="k">0</subfield></datafield><datafield ind1=" " ind2=" " tag="998"><subfield code="a">ISE15-376</subfield></datafield></record></collection>